000 00483nam a22001817a 4500
003 CEME
005 20210628203727.0
008 210415b xxu||||| |||| 00| 0 eng d
020 _a0-13-284837-6
040 _c.
082 _a658.3 TYS'E
100 _aTyson, Shaun , Jackson, Tony
_967040
245 _aThe essence of organizational behaviour
260 _aNEWYORK
_bPRENTICE HALL
_c1992
300 _aVIII,232P
650 _aORGANIZATIONAL BEHAVIOUR
_967041
942 _cBK
_2ddc
999 _c574896
_d574896